| 000 | 01175nam a2200265 i 4500 | ||
|---|---|---|---|
| 001 | 41287 | ||
| 003 | ES-MaACL | ||
| 005 | 20260210163242.0 | ||
| 007 | t| | ||
| 008 | 030310s1950 sp ||||1| spa d | ||
| 100 | 1 |
_aCarvalho Vasconcellos, J. de. _935969 |
|
| 245 | 1 | 3 |
_aLa planta de trigo _b: morfología y fisiología / _cJ. de Carvalho Vasconcellos ; versión española ampliada por R. Téllez Molina. |
| 260 |
_aMadrid : _b[s.n., _c1950] ( _fImp. Artística) |
||
| 300 |
_aXI, 201 p., 1 lám. : _bil. ; _c24 cm. |
||
| 500 | _aPrecede al tít.: Instituto Nacional de Investigaciones Agronómicas. | ||
| 510 |
_a CCPB, _c000956807-7. |
||
| 650 | 7 |
_9136958 _aTrigo |
|
| 700 | 1 |
_aTéllez Molina, Ricardo. _9109644 |
|
| 710 |
_aInstituto Nacional de Investigaciones Agronómicas _c(España) _9219222 |
||
| 852 |
_aES-MaACL _jD-6514 _bR.31020 _bR.M.6105 _942806 _cSVI _fSello en tinta azul de la Biblioteca del Ateneo de Madrid. _qEl libro no tiene lomo. |
||
| 942 |
_2udc _cMONOGRAFIA |
||
| 999 |
_c41287 _d41287 |
||